| 000 | 00721cam a22002411 4500 | ||
|---|---|---|---|
| 001 | 12692 | ||
| 003 | BD-RjUL | ||
| 005 | 20211208235336.0 | ||
| 008 | 140129s1963 njua b 000 0 eng d | ||
| 035 | _a(BD-RjUL)12742 | ||
| 040 |
_aDLC _cDLC _dICU _dDLC _d(BD-RjUL) _beng |
||
| 041 | _aeng | ||
| 082 | 0 | 0 |
_a613.9082 _bPAP 1963 |
| 245 | 1 | 0 |
_aPapers on human genetics / _cEd by Samuel, Boyer |
| 260 |
_aEnglewood Cliffs, N.J. : _bPrentice-Hall , _cc1963 |
||
| 300 |
_ax, 305 p. : _bill . ; _c24 cm. |
||
| 504 | _aIncludes bibliographies. | ||
| 650 | 0 |
_aHuman genetics. _939523 |
|
| 700 | 1 |
_aBoyer.Samuel H _939524 |
|
| 942 |
_2ddc _cBK |
||
| 999 |
_c12692 _d12692 |
||